000 00522nam a2200181Ia 4500
999 _c20942
_d20942
003 OSt
005 20200629114450.0
008 190216s9999||||xx |||||||||||||| ||und||
020 _a9780521571746
040 _coclc
082 _a930.1
_bZAR/E
100 _aZarmati, Louise
_93304
245 0 _aExperience Archaeology /
_cLouise Zarmati ; Aedeen Cremin
260 _bCambridge Uty Press,
_c1998.
_aLondon:
300 _a206p
650 _aHistory
942 _cBK
_2ddc
_h930.1
_iZAR/E
_k930.1
_mZAR/E